000 00846nam a2200253Ia 4500
003 OSt
005 20220923215821.0
006 a|||||r|||| 00| 0
007 ta
008 220922b |||||||| |||| 00| 0 hin d
024 _a182,010
037 _cTextual
040 _aARTS
_cARTS
_bhin
041 _2hin
_ahin
082 _aO152,1N4017x, N1
100 _aमंजुल, रसिक बिहारी
245 0 _aअम्बेडकर अब्निश्खिर
246 _aAmbeḍakar abnishkhira
260 _aदिल्ली
_b पारमिता प्रकाशन
_c1991
300 _a211 पृ.
_ccm.
650 _aहिन्दी साहित्य
_9156264
942 _hO152,1N4017x, N1
_cTEXL
_2CC
999 _c335387
_d335387